Statistics for Richest Countries by GDP Per Capita

Click here to take the quiz!

General Stats

  • This quiz has been taken 30 times
    (29 since last reset)
  • The average score is 7 of 10

Answer Stats

$Answer% Correct
133,175Luxembourg
85%
234,317Monaco
85%
69,185United States
85%
169,260Liechtenstein
80%
62,310Qatar
80%
93,525Switzerland
80%
89,242Norway
70%
68,037Denmark
65%
101,109Ireland
65%
69,133Iceland
50%

Score Distribution

Percentile by Number Answered

Percent of People with Each Score

Your Score History

You have not taken this quiz since the last reset